000 00749nam a2200253Ia 4500
003 OSt
005 20220918200935.0
006 a|||||r|||| 00| 0
007 ta
008 220917b |||||||| |||| 00| 0 eng d
024 _a90,895
037 _cTextual
040 _aARTS
_cARTS
_beng
041 _2eng
_aeng
082 _aV1p1,N83, M5
110 _aConference On Crusade And Settlement, 1983 (Cordiff)
_996105
245 0 _aPapers
_b crusade and settlement ed by Peter W Edbury
260 _aCardiff
_bUniv College Press
_c1985
300 _ax,281p.
_ccm.
650 _aHISTORY
700 _aConference On Crusade And Settlement, 1983 (Cordiff)
_996106
942 _hV1p1,N83, M5
_cTEXL
_2CC
999 _c214555
_d214555